<?xml version="1.0" encoding="UTF-8"?><?xml-stylesheet type="text/xsl" href="static/style.xsl"?><OAI-PMH xmlns="http://www.openarchives.org/OAI/2.0/" xmlns:xsi="http://www.w3.org/2001/XMLSchema-instance" xsi:schemaLocation="http://www.openarchives.org/OAI/2.0/ http://www.openarchives.org/OAI/2.0/OAI-PMH.xsd"><responseDate>2026-04-28T07:03:23Z</responseDate><request verb="GetRecord" identifier="oai:riubu.ubu.es:10259/11164" metadataPrefix="marc">https://riubu.ubu.es/oai/request</request><GetRecord><record><header><identifier>oai:riubu.ubu.es:10259/11164</identifier><datestamp>2025-12-19T01:05:45Z</datestamp><setSpec>com_10259_6781</setSpec><setSpec>com_10259_5086</setSpec><setSpec>com_10259_2604</setSpec><setSpec>col_10259_10930</setSpec></header><metadata><record xmlns="http://www.loc.gov/MARC21/slim" xmlns:doc="http://www.lyncode.com/xoai" xmlns:xsi="http://www.w3.org/2001/XMLSchema-instance" xmlns:dcterms="http://purl.org/dc/terms/" xsi:schemaLocation="http://www.loc.gov/MARC21/slim http://www.loc.gov/standards/marcxml/schema/MARC21slim.xsd">
<leader>00925njm 22002777a 4500</leader>
<datafield tag="042" ind1=" " ind2=" ">
<subfield code="a">dc</subfield>
</datafield>
<datafield tag="720" ind1=" " ind2=" ">
<subfield code="a">García-Moreno Rodríguez, Fernando</subfield>
<subfield code="e">author</subfield>
</datafield>
<datafield tag="260" ind1=" " ind2=" ">
<subfield code="c">2025-10</subfield>
</datafield>
<datafield tag="520" ind1=" " ind2=" ">
<subfield code="a">El presente trabajo de investigación compendia y estudia las claves másimportantes de la “Ciudad Informal”, que se concretan en su delimitación conceptualfrente a la “Ciudad Oficial”, en su génesis y evolución hasta el presente, así como en lascausas que han propiciado su surgimiento, para, partiendo de las mismas, analizar losprincipales retos a los que se enfrenta aquella, los cuales, no son otros, que reconducir la“Ciudad Informal” hacia la “Ciudad Oficial”, implementar el desarrollo sostenible ygarantizar los derechos humanos a cuantos habitan en ella.</subfield>
</datafield>
<datafield tag="520" ind1=" " ind2=" ">
<subfield code="a">Este trabalho de investigação resume e estuda as chaves mais importantes&#xd;
da “Cidade Informal”, que se especificam na sua delimitação conceptual face à “Cidade&#xd;
Oficial”, na sua génese e evolução até ao presente, bem como nas causas que&#xd;
fomentaram seu surgimento, para, a partir deles, analisar os principais desafios que&#xd;
enfrenta, que nada mais são do que redirecionar a “Cidade Informal” para a “Cidade&#xd;
Oficial”, implementando o desenvolvimento sustentável e garantindo os direitos&#xd;
humanos a quem nela vive</subfield>
</datafield>
<datafield tag="520" ind1=" " ind2=" ">
<subfield code="a">This research work summarizes and studies the most important keys of the&#xd;
“Informal City”, which are concretized in its conceptual delimitation in front of the “Official City”, in its origin and evolution until the present, as well as in the causes that&#xd;
have propitiated its emergence, in order to, starting from them, analyze the main&#xd;
challenges that it faces, which are none other than to redirect the “Informal City”&#xd;
towards the “Official City”, implement sustainable development and guarantee human&#xd;
rights to all those who live in it.</subfield>
</datafield>
<datafield tag="024" ind2=" " ind1="8">
<subfield code="a">978-85-68210-18-5</subfield>
</datafield>
<datafield tag="024" ind2=" " ind1="8">
<subfield code="a">https://hdl.handle.net/10259/11164</subfield>
</datafield>
<datafield ind1=" " ind2=" " tag="653">
<subfield code="a">Ciudad informal</subfield>
</datafield>
<datafield ind1=" " ind2=" " tag="653">
<subfield code="a">Ciudad oficial</subfield>
</datafield>
<datafield ind1=" " ind2=" " tag="653">
<subfield code="a">Asentamientos irregulares</subfield>
</datafield>
<datafield ind1=" " ind2=" " tag="653">
<subfield code="a">Inclusión social</subfield>
</datafield>
<datafield ind1=" " ind2=" " tag="653">
<subfield code="a">Resiliencia urbana</subfield>
</datafield>
<datafield ind1=" " ind2=" " tag="653">
<subfield code="a">Cidade informal</subfield>
</datafield>
<datafield ind1=" " ind2=" " tag="653">
<subfield code="a">Cidade oficial</subfield>
</datafield>
<datafield ind1=" " ind2=" " tag="653">
<subfield code="a">Assentamentos irregulares</subfield>
</datafield>
<datafield ind1=" " ind2=" " tag="653">
<subfield code="a">Inclusão social</subfield>
</datafield>
<datafield ind1=" " ind2=" " tag="653">
<subfield code="a">Resiliência urbana</subfield>
</datafield>
<datafield ind1=" " ind2=" " tag="653">
<subfield code="a">Informal city</subfield>
</datafield>
<datafield ind1=" " ind2=" " tag="653">
<subfield code="a">Official city</subfield>
</datafield>
<datafield ind1=" " ind2=" " tag="653">
<subfield code="a">Irregular settlements</subfield>
</datafield>
<datafield ind1=" " ind2=" " tag="653">
<subfield code="a">Social inclusion</subfield>
</datafield>
<datafield ind1=" " ind2=" " tag="653">
<subfield code="a">Urban resilience</subfield>
</datafield>
<datafield tag="245" ind1="0" ind2="0">
<subfield code="a">Claves y principales retos de la “Ciudad Informal”</subfield>
</datafield>
</record></metadata></record></GetRecord></OAI-PMH>